00293pam a2200121 a 4500020000500000041000500005082001700010100004100027245005000068250001000118260002600128300001700154 c h a658.827bSCH aDon. E. Sehultz / Heidi F. Schultz. aBrand BabblebBrand BabblehTextual Documents a2004. aAmericabThomson Book a176:bpaper.